000 01382cam a22003254a 4500
999 _c28528
_d28528
001 12031894
005 20170308150409.0
008 000606s2000 nyuab b 001 0 eng
010 _a 00044609
020 _a0195141393 (acidfree paper)
040 _aDLC
_cDLC
_dDLC
042 _apcc
043 _an-us-nv
050 0 0 _aNA730.N3N53 2000
_bN53 2000
082 0 0 _221
100 1 _aNicoletta, Julie.
245 1 0 _aBuildings of Nevada /
_cJulie Nicoletta ; with photographs by Bret Morgan.
260 _aNew York :
_bOxford University Press,
_cc2000.
300 _axx, 312 p. :
_bill., maps ;
_c25 cm.
440 0 _aBuildings of the United States
504 _aIncludes bibliographical references (p. 257-262) and index.
650 0 _aArchitecture
_zNevada
_vGuidebooks.
651 0 _aNevada
_vGuidebooks.
700 1 _aMorgan, Bret.
856 4 2 _3Publisher description
_uhttp://www.loc.gov/catdir/enhancements/fy0610/00044609-d.html
856 4 2 _3Contributor biographical information
_uhttp://www.loc.gov/catdir/enhancements/fy0724/00044609-b.html
906 _a7
_bcbc
_corignew
_d1
_eocip
_f20
_gy-gencatlg
942 _2ddc
_cBOOKS
_hNA730.N3N53 2000